Statistics for Jeopardy #8594

Click here to take the quiz!

General Stats

  • This quiz has been taken 28 times
  • The average score is 13 of 61

Answer Stats

CategoryCashClueAnswer% Correct
SPORTS$200An early version of this ball-&-racket sport in 13th century France was jeu de paumetennis
94%
EUROPEAN HISTORY$200On December 2, 1804 Napoleon Bonaparte had this title officially bestowed upon him, by himselfemperor
82%
SUBURBS OF CHICAGO$200In 1923 this gangster moved from Chicago to the suburbs to make Cicero his headquartersAl Capone
76%
GOOD FOR THE STEW$400An ongoing argument, as in "I've got a ____ with you"beef
65%
GOOD FOR THE STEW$1000During WWII the Ministry of Food told Brits that eating these raw might seem strange but they can help you see bettercarrots
65%
GOOD FOR THE STEW$200Slang for the head; sometimes people ask you to "use" this bit of pasta when you've made a dumb mistakenoodle
65%
SPORTS$600The oldest postseason college football game, the Rose Bowl is played in this cityPasadena
59%
U.S. MILITARY BRANCHES$200This branch was established on Dec. 20, 2019; the Netflix show of the same name, on May 29, 2020the Space Force
59%
EUROPEAN HISTORY$400The Venice basilica named for this gospel writer & said to contain his earthly remains was rebuilt starting around 1063Mark
53%
SPORTS$800No horse had run the Kentucky Derby in under 2 minutes until this Triple Crown winner performed the feat in 1973Secretariat
53%
"V"ERBS$200From a word meaning "to empty", it means to go on holidayvacation
47%
U.S. MILITARY BRANCHES$600Dating back to the start of the 1800s, the U.S. Military Academy at this site was also essentially America's 1st school of engineeringWest Point
47%
SPORTS$1000In 2015, the baseball world mourned this Yankee, a great catcher who often came up with a great quoteYogi Berra
47%
SUBURBS OF CHICAGO$600Whiting is a suburb of Chicago but is in this state, not IllinoisIndiana
41%
SUBURBS OF CHICAGO$400In 1955 this man opened his first McDonald's restaurant in Des PlainesRay Kroc
41%
SPORTS$400In 2021 he swished yet another to break Ray Allen's record for all-time NBA 3-pointersSteph Curry
35%
GOOD FOR THE STEW$800One headline from this website: "Tina Turner burns down legs for insurance money"the "Onion"
35%
BOOZE IN BOOKS$1200The characters in "Breakfast at Tiffany's" drink this cocktail, also where the story is seta Manhattan
29%
U.S. MILITARY BRANCHES$800This term for a U.S. Naval Academy cadet comes from a 17th century practice of placing experienced sailors in the center of a vesselmidshipmen
29%
EUROPEAN HISTORY$600The second Russian czar of this name had abolished serfdom but was assassinated by revolutionaries in 1881Alexander
24%
BOOZE IN BOOKS$800When James Bond orders the vesper type of this cocktail in "Casino Royale", he asks to have it shaken very wella martini
24%
EUROPEAN HISTORY$800In 1618 longstanding hostility between Protestants & Catholics in central Europe sparked this long warthe Thirty Years\' War
24%
GOOD FOR THE STEW$600Also the name of a kids' game, this 2-word phrase refers to a problematic issue you don't want to handlehot potato
18%
U.S. MILITARY BRANCHES$400Drew Carey, Steve McQueen & Gene Hackman (who joined at age 16) were always faithful as members of this branchthe Marine Corps
18%
"V"ERBS$400As a noun, it's a piece of clothing; as a verb, it means to give power or controlvest
18%
SUBURBS OF CHICAGO$800This city is named for one of the founders of Northwestern University, which is located thereEvanston
12%
BOOZE IN BOOKS$2000In "Henry IV, Part 2", this jovial fellow attributes to sherry a "warming of the blood" that "illumineth the face"Falstaff
12%
VACCINES$400Prior to the vaccine, 3 to 4 million people a year in the U.S. got this disease also called rubeolameasles
12%
VACCINES$1200After boiling the syringes & needles in his own kitchen in 1953, Jonas Salk gave his 3 sons his vaccine for thispolio
12%
VACCINES$800The vaccine for this disease protects you from spores of clostridium, notoriously found on rusty nailstetanus
12%
VACCINES$2000World War II soldiers were given a vaccine against this 2-word ailment, which had caused a 1918-19 pandemicthe Spanish flu
12%
POLITICAL GEOGRAPHY$800This hyphenated term is used for a nation that consists of a single municipality & its surrounding countrysidea city-state
6%
GUYS WHO WEAR GLASSES$400Here's this trusted newsman wearing his glasses as he announced the death of John F. KennedyCronkite
6%
WOMEN MAKE PASSES$800On "Parks & Rec", this character's mom, played by Pamela Reed, makes a pass at Ben (Adam Scott)Leslie Knope
6%
FAMOUS TRIALSN/AOn her acquittal in 1893, a reporter cited nearby events 2 centuries earlier, saying the days of witch trials are overLizzie Borden
6%
WOMEN MAKE PASSES$400She pursues Tom Hanks in "Sleepless in Seattle"; she also makes a pass ("incomplete") at Dennis Quaid in "D.O.A."Meg Ryan
6%
SUBURBS OF CHICAGO$1000In the 1970s the Supreme Court refused to stop a demonstration by Nazis in this Chicago suburbSkokie
6%
POLITICAL GEOGRAPHY$400From Greek for "rule of god", it's a nation run by religious leaderstheocracy
6%
U.S. MILITARY BRANCHES$1000In 2005 Nicole Malachowski made some serious noise as the first female pilot in this Air Force demonstration squadronthe Thunderbirds
6%
"V"ERBS$800This word meaning to leave in a hurry ends in a big antlered creaturevamoose
6%
VACCINES$1600The vaccine for this, also known as pertussis, is given in combination with other vaccineswhooping cough
6%
POLITICAL GEOGRAPHY$2000One of the 2 nations known as "perforated states", as they completely surround another country(1 of) South Africa or Italy
0%
BOOZE IN BOOKS$400In Graham Greene's "Our Man in Havana", these were "frozen so stiffly" they were "drunk in tiny drops to avoid a sinus-pain"a daiquiri
0%
GUYS WHO WEAR GLASSES$2000This Israeli fashion designer & creative director of Lanvin was mourned by celebrity clients at his death in 2021Alber Elbaz
0%
STARTS & ENDS WITH THE SAME VOWEL$1200It's a loss of hair & also of feathers, hopefully not at the same timealopecia
0%
STARTS & ENDS WITH THE SAME VOWEL$1600One's grandma, in Spanish-speaking areasan abuela
0%
GUYS WHO WEAR GLASSES$1200He served as U.S. Attorney General twice in the early '90s & again two and a half decades later(Bill) Barr
0%
BOOZE IN BOOKS$1600At the end of "A Christmas Carol", Scrooge offers this mistreated employee a mulled drink called smoking bishop(Bob) Cratchit
0%
WOMEN MAKE PASSES$1200On a 2015 episode of this Comedy Central show, Abbi finally asks out her hot neighbor JeremyBroad City
0%
EUROPEAN HISTORY$1000Back in 1688 Norway regulated many sawmills to fight this problem; in 2016 it became the world's first country to ban itdeforestation (clear-cutting)
0%
STARTS & ENDS WITH THE SAME VOWEL$2000It's a 4-letter Latin interjection meaning "behold!"ecce
0%
STARTS & ENDS WITH THE SAME VOWEL$400To bestow freedomemancipate
0%
WOMEN MAKE PASSES$1600In "Indiscreet", this acting legend makes a pass at her old "Notorious" co-star Cary GrantIngrid Bergman
0%
STARTS & ENDS WITH THE SAME VOWEL$800I can't believe it's not butter, as it's artificial butter called thisoleo
0%
POLITICAL GEOGRAPHY$1600This monarchal-sounding term means a country's authority to govern itself; China is touchy about violations of itssovereignty
0%
GUYS WHO WEAR GLASSES$800They're the two guys here who started something bigSteve Jobs & Steve Wozniak
0%
GUYS WHO WEAR GLASSES$1600Here's this Russian-born innovator of 20th century ballet in not one but two pairs of specsStravinsky
0%
WOMEN MAKE PASSES$2000Movie where figure skater Moira Kelly tells hockey player D.B. Sweeney, "In case you've missed it, I am throwing myself at you"The Cutting Edge
0%
POLITICAL GEOGRAPHY$1200Administered by the U.N., the border between Greek & Turkish regions of Cyprus is known as this colorful "line"the Green Line
0%
"V"ERBS$600To leapto vault
0%
"V"ERBS$1000To clear someone of blame in the eyes of the lawto vindicate
0%

Score Distribution

Percentile by Number Answered

Percent of People with Each Score

Your Score History

You have not taken this quiz